<?xml version="1.0" encoding="UTF-8"?><?xml-stylesheet type="text/xsl" href="static/style.xsl"?><OAI-PMH xmlns="http://www.openarchives.org/OAI/2.0/" xmlns:xsi="http://www.w3.org/2001/XMLSchema-instance" xsi:schemaLocation="http://www.openarchives.org/OAI/2.0/ http://www.openarchives.org/OAI/2.0/OAI-PMH.xsd"><responseDate>2026-04-28T19:32:49Z</responseDate><request verb="GetRecord" identifier="oai:uvadoc.uva.es:10324/60295" metadataPrefix="marc">https://uvadoc.uva.es/oai/request</request><GetRecord><record><header><identifier>oai:uvadoc.uva.es:10324/60295</identifier><datestamp>2025-03-26T19:10:17Z</datestamp><setSpec>com_10324_1152</setSpec><setSpec>com_10324_931</setSpec><setSpec>com_10324_894</setSpec><setSpec>col_10324_1282</setSpec></header><metadata><record xmlns="http://www.loc.gov/MARC21/slim" xmlns:doc="http://www.lyncode.com/xoai" xmlns:xsi="http://www.w3.org/2001/XMLSchema-instance" xmlns:dcterms="http://purl.org/dc/terms/" xsi:schemaLocation="http://www.loc.gov/MARC21/slim http://www.loc.gov/standards/marcxml/schema/MARC21slim.xsd">
<leader>00925njm 22002777a 4500</leader>
<datafield tag="042" ind1=" " ind2=" ">
<subfield code="a">dc</subfield>
</datafield>
<datafield tag="720" ind1=" " ind2=" ">
<subfield code="a">Martín Ferreira, Ana Isabel</subfield>
<subfield code="e">author</subfield>
</datafield>
<datafield tag="720" ind1=" " ind2=" ">
<subfield code="a">Recio Muñoz, Victoria</subfield>
<subfield code="e">author</subfield>
</datafield>
<datafield tag="720" ind1=" " ind2=" ">
<subfield code="a">Rosa Cubo, María Cristina</subfield>
<subfield code="e">author</subfield>
</datafield>
<datafield tag="260" ind1=" " ind2=" ">
<subfield code="c">2021</subfield>
</datafield>
<datafield tag="520" ind1=" " ind2=" ">
<subfield code="a">The aim of this paper is to analyze the curatio 97 of the 6th Centuria written by the physician Amatus Lusitanus (1511‐1568). The patient is a prioress of a convent who suffers from “satyriasis” or “uterinus furor”, a delirium caused by sexual abstinence. The author examines her symptoms and applies palliative treatment, referring to the classical sources on the topic. Nevertheless, as pointed out, Amatus distinguishes between this disease and the suffocatio matricis, a female condition caused by absence of sex with a well‐established tradition in medieval medical literature.</subfield>
</datafield>
<datafield tag="024" ind2=" " ind1="8">
<subfield code="a">Ágora. Estudos Clássicos em Debate junio 2021, vol. 23, n. 1, p. 169‐196.</subfield>
</datafield>
<datafield tag="024" ind2=" " ind1="8">
<subfield code="a">0874-5498</subfield>
</datafield>
<datafield tag="024" ind2=" " ind1="8">
<subfield code="a">https://uvadoc.uva.es/handle/10324/60295</subfield>
</datafield>
<datafield tag="024" ind2=" " ind1="8">
<subfield code="a">10.34624/agora.v0i23.1.25042</subfield>
</datafield>
<datafield ind1=" " ind2=" " tag="653">
<subfield code="a">Filología</subfield>
</datafield>
<datafield ind1=" " ind2=" " tag="653">
<subfield code="a">Historia de la medicina</subfield>
</datafield>
<datafield tag="245" ind1="0" ind2="0">
<subfield code="a">La satiriasis femenina en Amato Lusitano (a propósito de la curatio 6.97)</subfield>
</datafield>
</record></metadata></record></GetRecord></OAI-PMH>